Tài liệu chuyên sinh học Trung học phổ thông : Sinh học tế bào

Quyển sách là một tài liệu hữu ích giúp học sinh tự học, tự đánh giá và điều chỉnh cách học, cách hiểu. Riêng đối với giáo viên, thông qua trả lời của học sinh về lí do chọn, có thể thấy rõ loại hình sai lầm phổ biến đối với một kiê...

Disgrifiad llawn

Wedi'i Gadw mewn:
Manylion Llyfryddiaeth
Prif Awdur: Nguyễn, Như Hiền
Fformat: Llyfr
Iaith:Undetermined
Cyhoeddwyd: Hà Nội Giáo dục Việt Nam 2015
Pynciau:
Tagiau: Ychwanegu Tag
Dim Tagiau, Byddwch y cyntaf i dagio'r cofnod hwn!
Thư viện lưu trữ: Trung tâm Học liệu Trường Đại học Cần Thơ
LEADER 01296nam a2200229Ia 4500
001 CTU_207175
008 210402s9999 xx 000 0 und d
020 |c 40000 
082 |a 571.60712 
082 |b H305 
100 |a Nguyễn, Như Hiền 
245 0 |a Tài liệu chuyên sinh học Trung học phổ thông : 
245 0 |b Sinh học tế bào 
245 0 |c Nguyễn Như Hiền (chủ biên), Nguyễn Thị Minh Nguyệt 
260 |a Hà Nội 
260 |b Giáo dục Việt Nam 
260 |c 2015 
520 |a Quyển sách là một tài liệu hữu ích giúp học sinh tự học, tự đánh giá và điều chỉnh cách học, cách hiểu. Riêng đối với giáo viên, thông qua trả lời của học sinh về lí do chọn, có thể thấy rõ loại hình sai lầm phổ biến đối với một kiến thức nào đó tạo điều kiện cho giáo viên chú ý hơn khi dạy, tránh cho học sinh những sai sót không đáng có. 
650 |a Sinh học,Biology 
650 |x Học và giảng dạy (Trung học),Study and teaching (Secondary) 
904 |i Tuyến 
980 |a Trung tâm Học liệu Trường Đại học Cần Thơ